Western civilization
Join over one million students who have used Spielvogel's texts to be successful in their Western Civilization course! There's a reason WESTERN CIVILIZATION is the best seller: it makes the "story of history" come alive. Spielvogel's text is also loaded with extras, like &qu...
Сохранить в:
| Главный автор: | |
|---|---|
| Формат: | |
| Язык: | Undetermined |
| Опубликовано: |
St. Paul
West Pub. Co.
1991
|
| Предметы: | |
| Метки: |
Добавить метку
Нет меток, Требуется 1-ая метка записи!
|
| Thư viện lưu trữ: | Trung tâm Học liệu Trường Đại học Cần Thơ |
|---|
| LEADER | 01057nam a2200205Ia 4500 | ||
|---|---|---|---|
| 001 | CTU_141481 | ||
| 008 | 210402s9999 xx 000 0 und d | ||
| 082 | |a 909.09821 | ||
| 082 | |b S755 | ||
| 100 | |a Spielvogel, Jackson J. | ||
| 245 | 0 | |a Western civilization | |
| 245 | 0 | |c Jackson J. Spielvogel | |
| 260 | |a St. Paul | ||
| 260 | |b West Pub. Co. | ||
| 260 | |c 1991 | ||
| 520 | |a Join over one million students who have used Spielvogel's texts to be successful in their Western Civilization course! There's a reason WESTERN CIVILIZATION is the best seller: it makes the "story of history" come alive. Spielvogel's text is also loaded with extras, like "Film and History" features that show you a new approach to studying history. Colorful maps and visuals, plus dramatic first-hand historical accounts, combine to bring to life the stories of the people and events that have shaped Western civilization. | ||
| 650 | |a Civilization, Western | ||
| 650 | |x History | ||
| 904 | |i Trọng Hiếu | ||
| 980 | |a Trung tâm Học liệu Trường Đại học Cần Thơ | ||